000 00498nam a22001697a 4500
003 OSt
005 20251121141459.0
008 251121b |||||||| |||| 00| 0 eng d
020 _a978-1-4197-1132-9
040 _aDWC-Main Lib.
_cOC
082 _aFic. K15d 2013
100 _aKinney, Jeff
245 _aDiary of a wimpy kid :
_bhard luck/
_cJeff Kinney
260 _aNew York :
_bAmulet Books,
_cc2013.
300 _a217 pages :
_bb & w illustrations ;
_c21 cm.
942 _2ddc
_cFIC.
_hFic.
_n0
999 _c6006
_d6006